ბათუმის შოთა რუსთაველის სახელმწიფო უნივერსიტეტის ბიბლიოთეკა

შესავალი ხელოვნური ინტელექტის სისტემებში (ბიბ.ჩანაწერი № 51156)

000 -LEADER
fixed length control field 01138nam a2200253Ia 4500
001 - CONTROL NUMBER
control field 18115
003 - CONTROL NUMBER IDENTIFIER
control field GE_BSU
008 - FIXED-LENGTH DATA ELEMENTS--GENERAL INFORMATION
fixed length control field 181216s||||||||xx |||||||||||||| ||und||
020 ## - INTERNATIONAL STANDARD BOOK NUMBER
International Standard Book Number 978-9941-14-111-9
040 ## - CATALOGING SOURCE
Transcribing agency GE_BSU
080 ## - UNIVERSAL DECIMAL CLASSIFICATION NUMBER
Universal Decimal Classification number მაგისტრანტის ბიბლიოთეკა: "მართვის საინფორმაციო სისტემები
100 ## - MAIN ENTRY--PERSONAL NAME
Personal name გოგიჩაიშვილი, გიორგი
245 ## - TITLE STATEMENT
Title შესავალი ხელოვნური ინტელექტის სისტემებში
245 ## - TITLE STATEMENT
Remainder of title დამხმარე სახელმძღვანელო
250 ## - EDITION STATEMENT
Edition statement საქართველოს ტექნიკური უნივერსიტეტი
260 ## - PUBLICATION, DISTRIBUTION, ETC.
Place of publication, distribution, etc. თბილისი
260 ## - PUBLICATION, DISTRIBUTION, ETC.
Name of publisher, distributor, etc. ტექნიკური უნივერსიტეტი
260 ## - PUBLICATION, DISTRIBUTION, ETC.
Date of publication, distribution, etc. 2008
300 ## - PHYSICAL DESCRIPTION
Extent 68 გვ. : ნახ. ; 20 სმ
300 ## - PHYSICAL DESCRIPTION
Accompanying material ბიბლიოგრ.: გვ. 67.
653 ## - INDEX TERM--UNCONTROLLED
Uncontrolled term ხელოვნური ინტელექტი
942 ## - ADDED ENTRY ELEMENTS (KOHA)
Koha item type წიგნი
ეგზემპლარები
Withdrawn status Lost status Damaged status Not for loan Date acquired Barcode Date last seen Price effective from Koha item type
        2018-12-17 46223 2018-12-17 2018-12-17 წიგნი